Tous les personnages de Mario Party - Statistiques

Statistiques générales
  • Ce quiz a été pris 173 fois
  • Le résultat moyen est 18 sur 28
Statistiques - réponses
Première apparition jouable Personnage % Correct
Mario Party Mario
100%
Mario Party Peach
100%
Mario Party Luigi
98%
Mario Party 4 Bowser
97%
Mario Party 3 Daisy
96%
Mario Party Wario
93%
Mario Party 3 Waluigi
92%
Mario Party 4 Toad
91%
Mario Party Yoshi
91%
Mario Party Donkey Kong
86%
Mario Party: Island Tour Bowser Jr.
78%
Mario Party 10 Harmonie
78%
Mario Party 4 Koopa Troopa
78%
Mario Party 6 Toadette
78%
Mario Party 4 Boo
74%
Mario Party 7 Birdo
66%
Mario Party: Star Rush Diddy Kong
66%
Mario Party 4 Maskass
65%
Mario Party 7 Skelerex
56%
Mario Party 9 Kamek
52%
Mario Party 8 Frère Marto
48%
Mario Party 8 Bloups
41%
Mario Party 10 Spike
41%
Mario Party 4 Mini-Bowser
18%
Mario Party: Star Rush Toad rouge
13%
Mario Party: Star Rush Toad Bleu
12%
Mario Party: Star Rush Toad jaune
12%
Mario Party: Star Rush Toad vert
12%
Aucun quiz correspondant
Distribution des résultats
% des personnes avec chaque résultat
Percentile par nombre de réponses
Votre historique - résultats
Vous n’avez pas pris ce quiz